| 000 | 00797nam a2200205 a 4500 | ||
|---|---|---|---|
| 001 | 000373733 | ||
| 003 | AM-YeHGA | ||
| 005 | 20250618072302.0 | ||
| 008 | 041026s1936 ai 000 | arm d | ||
| 040 | _aAM-YeHGA | ||
| 041 | 1 |
_aarm _hrus |
|
| 100 | 1 | _aԳավրիլով, Պյոտր | |
| 245 | 1 | 0 |
_aՅեգորկան / _cՊ. Գավրիլով; Նկ. և շապիկը՝ Վ. Շչեգլով; Ռուս. թարգմ.՝ Հ. Հայրապետյան. |
| 260 |
_aՅերևան : _bՊետհրատ, _c1936. |
||
| 300 |
_a58 էջ : _bնկ. ; _c23 սմ. |
||
| 650 | 1 | 4 |
_aՌուս մանկական գրականություն _xՊատմվածք |
| 700 | 1 |
_aՇչեգլով, Վ. _eնկ. _4art |
|
| 700 | 1 |
_aՀայրապետյան, Հայրապետ Սարդարի, _d1874-1962 _eթարգմ. _4trl _91697 |
|
| 090 | _c144196 | ||
| 999 |
_c142815 _d142815 |
||